| 000 | 00643nam a2200205Ii 4500 | ||
|---|---|---|---|
| 003 | JO-AjNU | ||
| 008 | 230606s9999||||xx |||||||||||||| ||und|| | ||
| 020 | _a0-7914-3160-6 | ||
| 040 |
_aJO-AjNU _beng _erda _cJO-AjNU |
||
| 041 | _aeng | ||
| 050 | 1 | 4 | _aP90.D468 1997 |
| 100 | 3 |
_aPhilipsen,Gerry Editor/L.Albrecht,Terrance Editor , _eauthor _92346 |
|
| 245 | 0 | 0 | _aDeveloping Communication Theories |
| 264 | 3 | 1 | _aSU:State Universtiy Of New York Press,1997 |
| 300 | _a196p | ||
| 336 |
_atext _btxt _2rdacontent |
||
| 337 |
_aunmediated _bn _2rdamedia |
||
| 338 |
_avolume _bnc _2rdacarrier |
||
| 650 | 4 |
_aDeveloping Communication Theories _92347 |
|
| 999 |
_aE1231 _c1231 _d1231 |
||